Highest HDI By Letter - Statistics

General Stats
  • This quiz has been taken 51 times
    23 since last reset
  • The average score is 21 of 24
Answer Stats
Hint Hint Answer % Correct
U 0.940 United Kingdom
100%
C 0.935 Canada
95%
D 0.952 Denmark
95%
F 0.942 Finland
95%
I 0.959 Iceland
95%
J 0.920 Japan
95%
N 0.966 Norway
95%
O 0.819 Oman
95%
Q 0.875 Qatar
95%
B 0.942 Belgium
90%
G 0.950 Germany
90%
R 0.827 Romania
90%
V 0.726 Vietnam
90%
Y 0.424 Yemen
90%
Z 0.569 Zambia
90%
H 0.851 Hungary
86%
E 0.899 Estonia
81%
L 0.942 Liechtenstein
81%
S 0.967 Switzerland
81%
A 0.946 Australia
76%
K 0.847 Kuwait
76%
P 0.881 Poland
76%
T 0.926 Taiwan
57%
M 0.915 Malta
52%
No matching quizzes found
Score Distribution
Percent of People with Each Score
Percentile by Number Answered
Your Score History
You have not taken this quiz since the last reset